Amazing numbers in biology (Record no. 16765)

000 -LEADER
fixed length control field 00668nam a2200205Ia 4500
020 ## - INTERNATIONAL STANDARD BOOK NUMBER
ISBN 3540301461 (English ed. : pbk.)
020 ## - INTERNATIONAL STANDARD BOOK NUMBER
ISBN 9783540301462 (English ed. : pbk.)
020 ## - INTERNATIONAL STANDARD BOOK NUMBER
ISBN 3827411718 (German 6th ed.)
020 ## - INTERNATIONAL STANDARD BOOK NUMBER
ISBN 9783827411716 (German 6th ed.)
040 ## - CATALOGING SOURCE
Transcribing agency DAY
082 ## - DEWEY DECIMAL CLASSIFICATION NUMBER
Classification number 612 SPR 2006 A106 Or.
100 1# - MAIN ENTRY--AUTHOR NAME
Personal name Flindt, Rainer
245 10 - TITLE STATEMENT
Title Amazing numbers in biology
260 ## - PUBLICATION, DISTRIBUTION, ETC. (IMPRINT)
Place of publication Berlin :
Name of publisher Springer-Verlag,
Year of publication c2006
300 ## - PHYSICAL DESCRIPTION
Number of Pages xiv, 295 p. :
Other physical details ill. ;
Dimensions 24 cm
500 ## - GENERAL NOTE
General note "Translation of the 6th German Edition of Biologie in Zahlen"--T.p. verso
650 #0 - SUBJECT ADDED ENTRY--TOPICAL TERM
Topical Term Biology
856 40 - ELECTRONIC LOCATION AND ACCESS
Uniform Resource Identifier http://rave.ohiolink.edu/ebooks/ebc/354030147X
942 ## - ADDED ENTRY ELEMENTS (KOHA)
Koha item type សៀវភៅភាសាអង់គ្លេស
952 ## - LOCATION AND ITEM INFORMATION (KOHA)
Withdrawn status [LOCAL, KOHA] 0
Holdings
Permanent Location Date acquired Koha item type Lost status Shelving location Barcode Current Location Full call number
Library Block A2018-04-24សៀវភៅភាសាអង់គ្លេស A109A11544Library Block A612 SPR 2006 A109 Or.
មជ្ឈមណ្ឌលឯការនៃសាកលវិទ្យាល័យភូមិន្ទកសិកម្មចំការដូង

Powered by Koha